| 000 | 00000nam##2200000za#4500 |
| 001 | 9.691675 |
| 003 | CaOODSP |
| 005 | 20210624232855 |
| 007 | cr ||||||||||| |
| 008 | 150407|2009||||xxc|||||o f|0| 0 eng|d |
| 020 | |a978-1-100-11502-3 |
| 040 | |aCaOODSP|beng |
| 043 | |an-cn--- |
| 086 | 1 |aA118-18/2009E-PDF |
| 110 | 1 |aCanada. |bAgriculture and Agri-Food Canada. |
| 245 | 10|aAgriInvest : |h[electronic resource]|bthe business risk management suite of programs |
| 260 | |aOttawa - Ontario : |bAgriculture and Agri-Food Canada |cc2009. |
| 300 | |a2p. |
| 500 | |aThe catalogue number (A118-18/2009E) and ISBN (978-1-100-11501-6) for the print edition have been incorrectly copied in this electronic publication. |
| 590 | |a12-24-Supp|b2012-05-30 |
| 776 | 0#|tAgriInvest : |w(CaOODSP)9.651415 |
| 856 | 40|ahttp://publications.gc.ca|qPDF|s6878 KB|uhttps://publications.gc.ca/collections/collection_2012/agr/A118-18-2009-eng.pdf |
| 986 | |aAAFC No. 10728E |